| 000 | 00913cam a2200229 a 4500 | ||
|---|---|---|---|
| 001 | 000005633 | ||
| 005 | 20200929151728.0 | ||
| 008 | 890512s1989 mnua b 001 0 spa | ||
| 020 | _a1877660000 | ||
| 040 |
_aDO-SdBNP _cDLC _dDLC |
||
| 082 |
_a985.01 _bZ35g |
||
| 100 | 1 |
_aZapata, Roger A. _915913 |
|
| 245 | 1 | 0 |
_aGuamán Poma, indigenismo y estética de la dependencia en la cultura peruana / _cRoger A. Zapata. |
| 260 |
_aMinneapolis : _bInstitute for the Study of Ideologies and Literature, _c1989. |
||
| 300 |
_a218 p. : _bil. ; _c21 cm. |
||
| 490 | 1 | _aSeries Towards a Social History of Hispanic and Luso-Brazilian Literatures | |
| 504 | _aBibliografías [205]-218. | ||
| 651 | 4 |
_aPeru _xHistoria _y1820. _915914 |
|
| 650 | 4 |
_aIndigenas de america del sur _zPeru _915915 |
|
| 830 | 0 |
_aSeries Towards a Social History of Hispanic and Luso-Brazilian Literatures _915916 |
|
| 910 | _aCatalogación por copia / LC | ||
| 999 |
_c5432 _d5432 |
||